[Event "XIV Figueira da Foz Open 2020"]
[Site "Figueira da Foz"]
[Date "2020.10.24"]
[Round "1.1"]
[White "Grigoryan, Karen H."]
[Black "Fernandes, Joao Pedro Murtinho"]
[Result "1-0"]
[WhiteElo "2658"]
[BlackElo "2084"]
[Annotator "TA"]
[PlyCount "67"]
[EventDate "2020.10.24"]
[EventType "swiss"]
[EventCountry "POR"]
[SourceTitle "playchess.com"]
[Source "ChessBase"]
[SourceQuality "1"]

{[%evp 9,67,9,0,2,3,-1,0,0,57,43,66,18,26,4,9,6,16,14,146,150,139,147,138,139,206,215,195,145,279,264,275,179,210,210,222,219,223,219,295,293,295,295,330,328,315,322,310,316,356,345,451,435,431,414,787,413,12829,12831,12830,12829]} 1. e4 c5 2. Nf3 d6 3. d4 cxd4 4. Qxd4 a6 5. Bc4 Nc6 6. Qd3 {B53: Sicilian: 2...d6: Lines with Qxd4.} Nf6 7. Nc3 e6 8. Bf4 {[#] The position is equal.} h6 $146 (8... b5 $11 9. Bb3 Bb7) ({Predecessor:} 8... Be7 9. O-O-O Ng4 10. Rhf1 Na5 11. h3 Nf6 12. Bb3 Nxb3+ 13. axb3 e5 14. Bg5 Be6 15. Bxf6 gxf6 {1-0 (27) Zhigalko,S (2656)-Nepomniachtchi,I (2705) Berlin 2015}) 9. O-O-O $14 {[%cal Rf4d6]} e5 10. Be3 Be7 11. h3 b5 12. Bb3 $1 $36 {[%mdl 2048] White wants to play Nd5. Black is under pressure.} Bb7 13. Nh4 {Threatening Nf5.} b4 {Black is now going downhill.} (13... g6 $11) 14. Nd5 $16 Nxd5 15. Qxd5 O-O {White must now prevent ...Na5.} 16. Nf5 a5 (16... Rb8 $16 {was worth a try.}) 17. Ba4 $18 (17. Nxd6 $6 Bxd6 18. Qxd6 a4 $16) 17... Rc8 18. f3 Bg5 {[#]} (18... Qc7 $16 19. Kb1 (19. Nxd6 Rcd8 $14) (19. Bxc6 Rfe8 $16) 19... Nd4 20. Nxe7+ Kh7) 19. Bxg5 $1 ({Weaker is} 19. Qxd6 Bxe3+ 20. Nxe3 Qg5 $16) 19... Qxg5+ 20. Qd2 Rc7 21. Qxg5 (21. Nxd6 $6 Qf6 $16) 21... hxg5 22. Rxd6 {Strongly threatening Bxc6.} (22. Nxd6 $6 Nd4 $16) 22... Rfc8 23. Rhd1 g6 24. Bxc6 {[%mdl 64] Remove Defender, Overworked Piece} Bxc6 {[#]} 25. Rxc6 $1 {[%mdl 512]} Rxc6 {[%mdl 4096] Endgame KRR-KRN} 26. Ne7+ {[%mdl 64] Double Attack} Kg7 27. Nxc8 ({Much less strong is} 27. Nxc6 Rxc6 28. Rd5 Kf6 $18) 27... Rxc8 {KR-KR} 28. Rd5 a4 29. Rb5 ({Don't do} 29. Rxe5 b3 $18) 29... Rc4 30. b3 axb3 31. axb3 Rd4 (31... Rc8 $142 32. Rxb4 f5) 32. Rxe5 Kf6 (32... Rd8 $142 33. Rxg5 Rb8) 33. Rd5 Rxd5 34. exd5 {Av CentiPawn Loss W=-22/B=-75. Weighted=-12/-53} 1-0

[Event "XIV Figueira da Foz Open 2020"]
[Site "Figueira da Foz"]
[Date "2020.10.24"]
[Round "1.2"]
[White "Guerreiro, Nuno"]
[Black "Janik, Igor"]
[Result "0-1"]
[WhiteElo "2079"]
[BlackElo "2489"]
[Annotator "TA"]
[PlyCount "74"]
[EventDate "2020.10.24"]
[EventType "swiss"]
[EventCountry "POR"]
[SourceTitle "playchess.com"]
[Source "ChessBase"]
[SourceQuality "1"]

{[%evp 17,74,0,0,0,27,-14,-25,-22,-23,-35,-29,-44,-41,-49,-39,-42,-30,-28,-12,-28,-18,-76,-25,-37,-25,-33,-18,-19,-13,-33,-42,-87,-65,-91,-74,-112,-21,-23,-21,-34,0,0,0,-25,-24,-92,-69,-80,-80,-67,-70,-117,-118,-137,-138,-351,-341,-29992,-29993]} 1. Nf3 Nf6 2. c4 e6 3. g3 d5 4. Bg2 dxc4 5. Qa4+ Nbd7 6. O-O a6 7. Qxc4 b5 8. Qc2 Bb7 9. d3 c5 10. Nc3 {A13: English Opening: 1...e6.} Rc8 11. Bd2 (11. a4 $5 {[%cal Ra4b5]}) 11... Be7 12. Rfc1 {Black has an edge.} O-O 13. Qd1 {[#]} Nb6 $146 ({Predecessor:} 13... h6 14. Qf1 c4 15. dxc4 Rxc4 16. Ne1 Bxg2 17. Qxg2 Ne5 18. Rd1 Qc8 19. Nf3 Nxf3+ 20. Qxf3 {½-½ (20) Nowak,I (2400)-Maciejewski,M (2405) Lubniewice 1995}) 14. Qf1 c4 15. Ne1 Bxg2 16. Qxg2 b4 17. Nd1 Nfd5 18. Rc2 cxd3 19. exd3 (19. Rxc8 $11 Qxc8 20. e4) 19... Qd7 (19... Rxc2 $17 20. Nxc2 Qd7) 20. Rac1 $1 $11 Bf6 21. Ne3 Rxc2 22. Rxc2 Rc8 23. Nc4 Na4 24. b3 Nac3 25. Nf3 Rd8 26. Bg5 Qa7 (26... Bxg5 $17 27. Nxg5 f6) 27. Bxf6 gxf6 28. Qh3 a5 29. Qg4+ Kh8 30. Qh5 a4 31. h4 (31. Qh6 $1 $11) 31... axb3 32. axb3 Rg8 33. Kh2 Rg6 34. Ng1 Nb5 35. Ne3 Nxe3 36. Rc8+ $2 (36. fxe3 $17 Qxe3 37. Qf3) 36... Kg7 $19 {( -> ...Ng4+)} 37. Qxb5 $2 {[#]} (37. fxe3 $19 Nd6 38. Rc5) 37... Ng4+ {[%mdl 64] Double Attack, Discovered Attack. Av CentiPawn Loss W=-60/B=-12. Weighted=-126/-13} 0-1

[Event "XIV Figueira da Foz Open 2020"]
[Site "Figueira da Foz"]
[Date "2020.10.24"]
[Round "1.3"]
[White "Batsiashvili, Nino"]
[Black "Varela La Madrid, Tilsia Carolina"]
[Result "1-0"]
[WhiteElo "2467"]
[BlackElo "2060"]
[Annotator "TA"]
[PlyCount "89"]
[EventDate "2020.10.24"]
[EventType "swiss"]
[EventCountry "POR"]
[SourceTitle "playchess.com"]
[Source "ChessBase"]
[SourceQuality "1"]

{[%evp 12,89,36,35,58,29,102,100,150,145,140,108,124,112,213,209,209,201,205,216,218,200,189,123,123,123,124,120,123,132,130,123,129,129,131,89,127,94,183,184,192,166,195,191,216,200,233,233,241,227,229,207,275,280,327,310,312,295,308,297,632,608,579,550,769,754,707,618,600,520,523,508,509,479,466,485,674,668,700,637]} 1. d4 Nf6 2. c4 c6 3. Nf3 d5 4. g3 e6 5. Bg2 dxc4 6. Ne5 Be7 7. O-O Nbd7 {E04: Open Catalan: 5 Nf3.} 8. Nxc4 c5 {[#]} (8... O-O $11) 9. dxc5 $146 ({Predecessor:} 9. Nc3 Nb6 10. Nxb6 axb6 11. dxc5 bxc5 12. Qxd8+ Bxd8 13. Nb5 Ke7 14. Bf4 Ne8 15. Be3 c4 16. Rfc1 Bd7 17. Na3 {1-0 (17) Inkiov,V (2500)-Walfort,R Regensburg 1996}) 9... Nxc5 {White is better.} 10. Qxd8+ Bxd8 11. Nd6+ Ke7 12. b4 Kxd6 (12... Na4 $16 {keeps fighting.}) 13. bxc5+ $18 Ke7 14. Nc3 Ba5 15. Ba3 {c6+ is the strong threat.} Bxc3 16. c6+ Kd8 17. cxb7 (17. Rab1 $1 $18 b5 18. c7+ $1 {[%mdl 576] Discovered Attack} Kxc7 19. Bxa8) 17... Bxb7 $16 18. Bxb7 Bxa1 19. Bxa8 Bd4 20. Bf3 {Threatens to win with Rd1.} Bb6 21. Rd1+ Kc8 22. Rc1+ Kd8 23. Bb4 h5 24. h3 e5 (24... Nd5 $16 25. Rd1 Kc7 26. Bxd5 exd5) 25. Bc6 $18 Rh6 26. a4 a5 {[#]} 27. Ba3 $1 Rg6 {And now ...Rxg3+ would win.} 28. Kf1 e4 29. e3 Rg5 30. Rc4 Re5 31. Ke2 h4 {intending ...hxg3.} 32. g4 ({Much less strong is} 32. gxh4 $6 Bc7 $18) 32... Ba7 33. Bb7 Bb6 34. Rc8+ Kd7 35. Rf8 Kc7 $2 (35... Ke6 36. Bc8+ Kd5 37. Rxf7 Bc5) 36. Rxf7+ {[%mdl 64] Double Attack. White is clearly winning.} Nd7 37. Rxg7 Kxb7 38. Rxd7+ {[%mdl 4096] Endgame KRB-KRB} Kc6 39. Rd6+ Kb7 40. Rh6 Bd8 41. Rh5 Re6 42. Rb5+ Kc6 43. Bb2 Rd6 44. Bc3 Rd3 45. Bxa5 {Av CentiPawn Loss W=-17/B=-35. Weighted=-13/-38} 1-0

[Event "XIV Figueira da Foz Open 2020"]
[Site "Figueira da Foz"]
[Date "2020.10.24"]
[Round "1.4"]
[White "Silva, Pedro Gil Ferreira D"]
[Black "Stella, Andrea"]
[Result "0-1"]
[WhiteElo "2034"]
[BlackElo "2457"]
[Annotator "TA"]
[PlyCount "100"]
[EventDate "2020.10.24"]
[EventType "swiss"]
[EventCountry "POR"]
[SourceTitle "playchess.com"]
[Source "ChessBase"]
[SourceQuality "1"]

{[%evp 10,100,0,0,7,0,-4,0,7,6,7,6,20,0,0,0,0,0,0,0,0,0,0,-8,0,0,0,0,0,0,0,0,0,0,0,-10,0,-23,-6,-11,-1,-12,0,0,14,0,0,0,19,4,7,8,0,4,38,47,40,19,95,0,0,0,0,0,0,-37,-25,-42,-53,-45,-54,-87,-92,-94,-93,-110,-55,-625,-618,-29971,-29972,-29970,-29972,-29972,-29972,-29975,-29976,-29974,-29973,-29977,-29978,-29976,-29978]} 1. e4 e6 2. d4 d5 3. Bd3 dxe4 4. Bxe4 Nf6 5. Bf3 c5 6. Ne2 Nc6 {[%cal Rc5d4] C01: French: Exchange Variation.} 7. Be3 cxd4 8. Nxd4 Ne5 {The position is equal.} 9. Nc3 Bb4 10. Ndb5 Bd7 11. a3 Bxc3+ 12. Nxc3 Bc6 13. Bxc6+ Nxc6 14. O-O O-O 15. Bg5 h6 16. Bh4 Qd4 {[#]} 17. Qxd4 $146 ({Predecessor:} 17. Bg3 Qc4 18. Qe2 Qxe2 19. Nxe2 Rac8 20. Rac1 Ne7 21. Rfd1 Rfd8 22. Rxd8+ Rxd8 23. f3 {½-½ (64) Karavade,E (2365)-Zierk,S (2510) chess.com INT 2019}) 17... Nxd4 18. Bxf6 gxf6 19. Rfd1 Rfd8 20. Rac1 Kf8 21. Kf1 Ke7 22. Rd3 Rac8 23. Rh3 Nf5 24. g4 Nd6 25. Rxh6 Rg8 26. h3 Nc4 27. Re1 Rgd8 28. Rh5 $36 {[%mdl 2048] White has good play.} Nxb2 29. Nd5+ $1 Kd6 30. Nxf6 {next Ne4+ is good for White.} Rxc2 31. Re2 Rxe2 (31... Rc1+ {looks sharper.} 32. Kg2 Nd3 33. Kg3 Rd1 34. h4 Rg1+) 32. Kxe2 $11 {[%mdl 4096] Endgame KRN-KRN} Ke7 33. Ne4 b6 (33... Nd3 $11 34. Ra5 Nf4+ 35. Kf3 Nxh3) 34. Rb5 ({Better is} 34. h4 $16) 34... Nc4 35. a4 Rd4 36. f3 Na3 37. Rb3 Rxa4 38. Nc3 Ra5 39. h4 Nc4 40. Rb4 Nd6 41. h5 Rc5 42. Kd3 Kf6 (42... b5 $17 43. Kd4 Rg5) 43. Rd4 $2 {[%mdl 8192] [#] Loses the game.} (43. f4 $15) 43... Rxc3+ $1 $19 {[%mdl 576] Remove Defender, Decoy} 44. Kxc3 {KR-KN} Nb5+ {[%mdl 64] Double Attack. Black mates.} 45. Kd3 Nxd4 46. Kxd4 a5 {[%cal Ba7a5,Ba5a4][%mdl 32]} 47. f4 a4 48. Kc4 {[#]} b5+ $1 {[%mdl 512]} 49. Kb4 (49. Kxb5 a3) 49... Kg7 50. g5 f6 {Av CentiPawn Loss W=-42/B=-5. Weighted=-31/-6} 0-1

[Event "XIV Figueira da Foz Open 2020"]
[Site "Figueira da Foz"]
[Date "2020.10.24"]
[Round "1.5"]
[White "Martin Duque, Jesus"]
[Black "Torres Dominguez, David"]
[Result "1/2-1/2"]
[WhiteElo "2426"]
[BlackElo "2029"]
[Annotator "TA"]
[PlyCount "115"]
[EventDate "2020.10.24"]
[EventType "swiss"]
[EventCountry "POR"]
[SourceTitle "playchess.com"]
[Source "ChessBase"]
[SourceQuality "1"]

{[%evp 11,115,14,24,19,32,8,13,15,26,12,23,14,14,8,25,0,0,8,0,-20,-17,-22,6,-13,0,0,-9,-50,-46,-45,0,-21,0,-42,-41,-42,-41,-58,-44,-43,-41,-50,-50,-50,-48,-52,-23,-24,-14,-23,0,-8,-6,-6,-5,-12,-10,-29,-5,-27,0,-45,0,0,0,-43,13,11,11,6,6,6,6,6,6,6,6,6,6,6,6,6,9,14,14,27,11,0,0,0,0,-124,-134,-219,-332,-347,-344,-310,-335,-329,-327,-422,-407,-791,-658,-426]} 1. e4 e5 2. Nf3 Nc6 3. Bc4 Bc5 4. d3 Nf6 5. O-O d6 6. c3 a6 7. a4 $1 {[%mdl 4] is more profitable than 7.Bb3 at the moment. Played by Levon Aronian in September 2020. C54: Giuoco Piano: 4 c3 Nf6, main lines with 5 d4 and 5 d3.} Ba7 8. Nbd2 Ne7 9. Re1 {The position is equal.} O-O 10. Nf1 c6 11. Bb3 Ng6 12. h3 h6 13. d4 exd4 14. cxd4 d5 {[#]} 15. exd5 $146 ({Predecessor:} 15. e5 Ne4 16. Bc2 c5 17. Be3 Nh4 18. Nxh4 Qxh4 19. dxc5 Be6 20. b4 Rad8 21. Qd4 {0-1 (49) Pavlicek,L (1819)-Bartonicek,Z (1987) Klatovy 2018}) 15... Nxd5 16. Ng3 Nh4 17. Ne5 Nf5 18. Nxf5 Bxf5 19. a5 Re8 20. Be3 Bb8 21. Qh5 Bxe5 22. dxe5 (22. Qxf5 $5 {[%cal Rd4e5]} Bf6 23. Qd3 $11) 22... Bg6 23. Qd1 Rxe5 24. Bd4 Rxe1+ 25. Qxe1 Qg5 {Strongly threatening ...Nf4!} 26. Qe5 Qxe5 27. Bxe5 Re8 28. Bd4 Re4 29. Rd1 Nf4 30. Kh2 Ne6 31. Bc3 Nc5 32. Rd8+ Kh7 33. Bd1 Re7 34. Bg4 f5 35. Bf3 Rd7 36. Rb8 Na4 37. Be5 Nc5 38. Be2 Rd2 (38... Bf7 $15) 39. Bc4 $11 {[#] And now Bc3 would win.} Nd7 40. Bc3 Nxb8 41. Bxd2 {[%mdl 4096] Endgame KBB-KBN} Be8 $1 42. Be6 Bd7 43. Bf7 {[#] Hoping for Bf4.} c5 $1 44. h4 g6 45. Kg3 Nc6 46. Bd5 Kg7 47. Bc3+ Kf8 48. Kf4 Ke7 49. Bg7 Nxa5 50. Bxh6 Be6 51. Bxe6 (51. Ke5 $11 Nc4+ 52. Bxc4 Bxc4 53. Be3) 51... Kxe6 {KB-KN} 52. Kg5 (52. Bf8 $17 {was worth a try.}) 52... Kf7 $19 53. h5 gxh5 54. Kxf5 Nc4 55. Bc1 b5 56. f4 Na5 57. Ke5 (57. g4 $142 h4 58. Be3) 57... Nb3 58. Be3 {[%mdl 32768] Av CentiPawn Loss W=-17/B=-7. Weighted=-18/-11. An unexpected result.} 1/2-1/2

[Event "XIV Figueira da Foz Open 2020"]
[Site "Figueira da Foz"]
[Date "2020.10.24"]
[Round "1.6"]
[White "Pipiras, Filipa Fortuna"]
[Black "Alshameary Puente, Ismael"]
[Result "1/2-1/2"]
[WhiteElo "1912"]
[BlackElo "2373"]
[Annotator "TA"]
[PlyCount "158"]
[EventDate "2020.10.24"]
[EventType "swiss"]
[EventCountry "POR"]
[SourceTitle "playchess.com"]
[Source "ChessBase"]
[SourceQuality "1"]

{[%evp 9,157,23,19,20,29,26,31,23,41,0,20,9,27,33,32,31,35,14,22,16,56,30,40,14,26,25,29,14,40,40,38,22,42,17,64,58,53,0,33,0,3,-26,-38,-20,-18,-42,-44,-45,0,0,0,0,0,-49,-49,-52,-49,-63,-52,-60,-59,-74,-74,-108,-83,-82,-17,-17,0,-34,-19,-27,0,-19,0,-48,-48,-48,-48,-48,-48,-48,-48,-48,-48,-48,-47,-48,-48,-48,-48,-48,0,0,0,0,0,0,0,0,0,0,0,0,0,-8,-8,-8,-8,-8,-8,-8,-8,-8,-8,-8,-8,-8,-8,-8,-8,-14,0,0,0,0,0,0,0,0,0,0,0,0,0,0,0,0,0,0,0,0,0,0,0,0,0,0,0,0]} 1. d4 Nf6 2. Nf3 d5 3. c4 e6 4. Nc3 a6 5. cxd5 exd5 6. Bg5 {D37: Queen's Gambit Declined: 5 Bf4.} Be6 7. e3 Nbd7 8. Bd3 {White is slightly better.} Bd6 9. a3 h6 10. Bf4 Qe7 11. O-O O-O {[#]} 12. h3 $146 ({Predecessor:} 12. Re1 Bg4 13. Bg3 c6 14. Qc2 Rfe8 15. Nd2 Bxg3 16. hxg3 Nf8 17. b4 Bh5 18. Rab1 {½-½ (75) Riazantsev,A (2651)-Rakhmanov,A (2662) Sochi 2016}) 12... c6 13. Ne5 Rfd8 14. Qe2 Rac8 15. Rac1 Bb8 16. Nxd7 Bxd7 17. Bxb8 Rxb8 18. b4 Ne4 19. Nxe4 dxe4 20. Bc4 Re8 21. Rce1 b5 22. Ba2 a5 23. f3 (23. Qb2 $14) 23... Be6 (23... exf3 {feels hotter.} 24. Rxf3 Be6 25. Bxe6 fxe6 26. Rc1 axb4 27. axb4 Qxb4 28. Rxc6 Rec8) 24. Bxe6 ({But not} 24. bxa5 exf3 25. Rxf3 Qxa3 $15) (24. fxe4 $5 {[%cal Rd4d5]} Bxa2 25. Qxa2 $14) 24... Qxe6 25. fxe4 axb4 26. axb4 Qxe4 27. Qf3 Qe6 28. Rc1 Rb6 29. Rc3 Ra6 30. Rfc1 {[%cal Rc3c6]} Ra4 31. Rxc6 Qxe3+ 32. Qxe3 Rxe3 $11 {[%mdl 4096] Endgame KRR-KRR} 33. Rc8+ Kh7 34. R8c7 Rxb4 35. Rxf7 Rxd4 36. Kf2 Re5 (36... Rb3 {is interesting.} 37. Rc2 Rd1 38. Rb7 Rdb1 39. Re2 b4) 37. Rc2 Rd6 ({Black should play} 37... Re6 $17) 38. Rb7 h5 39. h4 Rf6+ 40. Kg3 Rd5 41. Kh2 Rf4 42. Rb2 (42. g3 $5 {[%cal Rg3f4]} Rfd4 43. Rf2 $17) 42... Rxh4+ 43. Kg1 Rd1+ 44. Kf2 Rf4+ 45. Kg3 $1 {[%cal Rg3f4]} Rg4+ 46. Kh2 Kh6 47. R7xb5 Rh4+ 48. Kg3 Rhh1 49. R5b4 Rd3+ 50. Kf2 $1 h4 51. Rg4 {The position is equal.} Rd6 52. Rb8 {[%cal Rb8h8] [#]} Rf6+ 53. Ke2 {[%cal Rb8h8]} Kh7 (53... g5 {seems wilder.} 54. Rh8+ Kg7 55. Rh5 Re6+ 56. Kf2 Rf6+) 54. Rbb4 h3 55. Rh4+ Rh6 (55... Kg6 {looks sharper.} 56. Rhg4+ Kf7 57. Rb7+ Kf8 58. Rb8+ Kf7) 56. Rxh6+ Kxh6 57. gxh3 Rxh3 {KR-KR} 58. Kf2 Kh5 59. Kg2 Ra3 (59... Rd3 {with more complications.} 60. Rb1 g6 61. Rb5+ g5 62. Rb4 Rd2+) 60. Rb2 Rd3 61. Ra2 Kg4 62. Ra4+ Kf5 63. Ra5+ Kf4 64. Ra4+ Ke5 65. Ra5+ Rd5 (65... Ke6 {keeps more tension.} 66. Ra6+ Kf7 67. Kf2 Rb3 68. Kg2 Rc3) 66. Rxd5+ Kxd5 {KP-K} 67. Kf3 Ke6 68. Kg4 Kf6 69. Kf4 g5+ (69... g6 $5) 70. Kg4 Kg6 71. Kg3 Kf5 72. Kf3 g4+ 73. Kg3 Kg5 74. Kg2 Kf4 75. Kf2 g3+ 76. Kg2 Kg4 77. Kg1 Kh3 {[#] ( -> ...g2)} 78. Kh1 g2+ 79. Kg1 Kg3 {Av CentiPawn Loss W=-7/B=-21. Weighted=-8/-22} 1/2-1/2

[Event "XIV Figueira da Foz Open 2020"]
[Site "Figueira da Foz"]
[Date "2020.10.24"]
[Round "1.7"]
[White "Taboas Rodriguez, Daniel"]
[Black "Silva, Mariana Sofia T."]
[Result "1-0"]
[WhiteElo "2365"]
[BlackElo "1885"]
[Annotator "TA"]
[PlyCount "91"]
[EventDate "2020.10.24"]
[EventType "swiss"]
[EventCountry "POR"]
[SourceTitle "playchess.com"]
[Source "ChessBase"]
[SourceQuality "1"]

{[%evp 17,91,26,34,23,12,9,53,47,54,36,58,16,49,0,35,-29,18,11,33,0,0,0,0,0,0,0,0,0,0,0,0,-14,4,6,31,38,36,32,117,111,96,94,113,110,119,122,186,125,236,225,256,177,191,191,227,203,464,454,525,533,679,660,662,658,1175,1174,1158,1147,1140,1122,5370,4576,2364,1817,29994,29995]} 1. d4 Nf6 2. Nf3 g6 3. c4 c5 4. d5 b5 5. cxb5 a6 6. b6 Qxb6 7. Nc3 d6 8. Nd2 Bg7 9. e4 O-O 10. a4 {[%cal Ba2a4,Ba4a5][%mdl 32] A57: Benko/Volga Gambit.} Nbd7 11. a5 Qa7 12. Nc4 {White is slightly better.} Rb8 13. Be2 Ne8 14. O-O Nc7 15. Na3 Nf6 {[#]} 16. Rb1 $146 (16. Re1 $14) ({Predecessor:} 16. Bc4 Bd7 17. Qe2 e6 18. Bf4 e5 19. Bg5 h6 20. Be3 Ng4 21. Bc1 f5 22. f3 {½-½ (28) Bjelobrk,I (2197)-West,G (2363) Melbourne 2001}) 16... Bd7 (16... Nb5 $5 17. Naxb5 axb5 $11) 17. Be3 Qb7 18. Qd2 Qb4 19. Nc4 Nb5 20. f3 Nd4 21. Bd3 $1 Nb3 22. Qe2 Rfd8 23. Kh1 Ne8 24. Bg5 f6 25. Be3 Nc7 26. Na2 Qa4 27. Nc1 Nd4 {[#] White now steadily converts the win.} (27... Nxa5 $14 28. b3 Nxb3) 28. Bxd4 $1 $16 cxd4 29. b3 $36 {[%mdl 2048] White is on the roll.} Qb4 30. Na2 {[%cal Bc1a2,Ba2b4,Bb4c6][%mdl 32]} Qb7 31. Nb6 Be8 (31... Qa7 $16) 32. Rfc1 ({White should play} 32. Nb4 $18) 32... Nb5 (32... Bh6 $16 {might work better.}) 33. Qd2 $18 Kh8 34. Bxb5 Bxb5 35. Nb4 ({Don't do} 35. Qxd4 $6 f5 $16) 35... Rf8 36. Nc6 ({Less strong is} 36. Qxd4 f5 $14) 36... Rbe8 $2 (36... e5 37. Nxb8 Qxb8) 37. Nxd4 f5 38. Ne6 Be5 39. Nxf8 Rxf8 40. exf5 Rxf5 41. Rc8+ Kg7 42. Rbc1 Bf4 43. Qd4+ e5 44. dxe6+ Be5 45. R1c7+ {[%mdl 64] [#] Double Attack} Kf6 46. Qh4+ {[%mdl 64] Double Attack. Av CentiPawn Loss W=-49/B=-38. Weighted=-29/-39} 1-0

[Event "XIV Figueira da Foz Open 2020"]
[Site "Figueira da Foz"]
[Date "2020.10.24"]
[Round "1.8"]
[White "Morais, Mario Martins Freita"]
[Black "Djuric, Stefan"]
[Result "0-1"]
[WhiteElo "1808"]
[BlackElo "2358"]
[Annotator "TA"]
[PlyCount "128"]
[EventDate "2020.10.24"]
[EventType "swiss"]
[EventCountry "POR"]
[SourceTitle "playchess.com"]
[Source "ChessBase"]
[SourceQuality "1"]

{[%evp 11,128,36,36,21,36,0,0,0,2,-12,-2,-28,-29,-35,-35,-29,-12,-12,-7,-11,-10,-10,-10,-11,-9,-20,-7,-16,-15,-14,-10,-10,-8,-14,0,-37,-37,-39,-17,-33,-25,-55,-17,-34,-22,-52,-52,-52,-52,-52,-52,-52,-42,-19,-19,-36,-20,-22,-10,-16,-18,-21,-10,-29,50,-27,-27,-31,-27,-27,-11,-18,0,0,12,0,19,0,0,-7,0,-14,-22,-83,-77,-74,-73,-127,-146,-145,-147,-143,-131,-204,-195,-200,-157,-142,-143,-149,-63,-92,-88,-359,-350,-447,-468,-466,-458,-434,-423,-1341,-1339,-1237,-1223,-985,-861,-887,-697]} 1. d4 Nf6 2. Nf3 d5 3. Bf4 c6 4. e3 Qb6 5. Qc1 Bf5 6. Nbd2 e6 7. Be2 {D02: 1 d4 d5 2 Nf3 sidelines, including 2...Nf6 3 g3 and 2...Nf6 3 Bf4.} h6 8. a4 a5 9. h3 {The position is equal.} Na6 {[%cal Bb8a6,Ba6b4,Bb4d3][%mdl 32] [#]} 10. Ne5 $146 ({Predecessor:} 10. c3 Be7 11. Ne5 Nb8 12. O-O Nbd7 13. Nd3 Ne4 14. f3 Nxd2 15. Qxd2 Qd8 16. Nf2 {½-½ (42) Mouzakis,G-Makkas,P (2035) Athens 2006}) 10... Nb4 11. Nd3 (11. Bd1 {looks sharper.} c5 12. c3 Nd3+ 13. Nxd3 Bxd3 14. Bc2) 11... Nxd3+ 12. Bxd3 Bxd3 13. cxd3 Be7 14. O-O O-O 15. Nf3 Rfc8 16. Qd2 Nd7 17. Rfc1 Qd8 18. Ne5 Nf8 19. Qd1 f6 20. Nf3 Ng6 21. Bg3 Qd7 22. h4 Bb4 23. Nh2 Qf7 24. Qh5 Rf8 25. Rc2 Rae8 26. f4 Ne7 (26... e5 $5 27. fxe5 Nxe5 28. Qxf7+ Nxf7 $15) 27. Qxf7+ Kxf7 28. Bf2 h5 29. e4 Rd8 30. Nf3 {[%cal Bh2f3,Bf3d2,Bd2b3,Bb3c5][%mdl 32]} Ra8 31. g3 Ng8 32. Be1 Be7 33. Rb1 Rfe8 34. Nd2 Nh6 35. Nb3 Bd8 36. Kf1 Ng4 37. Ke2 g5 (37... Re7 $11) 38. Kf3 (38. hxg5 $14 fxg5 39. Bd2) 38... gxf4 $11 39. gxf4 f5 40. Nc5 Ra7 41. Nd7 Ke7 42. Ne5 Bb6 43. Bc3 Nxe5+ 44. fxe5 {Black must now prevent exf5.} fxe4+ 45. dxe4 Rg8 $36 {[%mdl 2048] Black is more active.} 46. exd5 exd5 {White should prevent ...Raa8.} 47. b4 (47. Rg2 $11 {keeps the balance.} Rxg2 48. Kxg2) 47... axb4 48. Bxb4+ Ke6 49. Bc5 ({White should play} 49. Bc3 Bd8 50. a5) 49... Bxc5 $17 50. Rxc5 {[%mdl 4096] Endgame KRR-KRR} Rg4 ({Don't take} 50... Rxa4 51. Rxb7 Ra3+ 52. Kf2 $15) 51. Rb4 Rxh4 52. a5 (52. Rc2 $17 {is a better defense.}) 52... Kf5 $19 53. Ra4 Rh3+ 54. Kg2 Rd3 55. Rc2 Ke4 (55... b5 $17 56. Raa2 Rg7+ 57. Kf2 Rxd4) 56. Re2+ {[#]} Re3 $1 {[%cal Re3e2]} 57. Rf2 $2 {[%mdl 8192] This costs White the game.} (57. Rb2 $17) 57... b5 58. Rb4 Rxa5 {Black is clearly winning.} 59. e6 {intending e7.} Ra7 60. Rc2 Rg7+ 61. Kf1 (61. Kh2 $142 Rg4 62. Rbb2) 61... Rf3+ 62. Rf2 Rxf2+ 63. Kxf2 Re7 64. Rb1 Rxe6 {Av CentiPawn Loss W=-31/B=-14. Weighted=-25/-15} 0-1